[Event "Mittelrhein Regionalliga 18/19"]
[Site "Nordrheinwestfalen"]
[Date "2019.05.05"]
[Round "10.8"]
[White "Esser, Franz Josef"]
[Black "Nenner, Thomas"]
[Result "0-1"]
[WhiteElo "2042"]
[BlackElo "1945"]
[PlyCount "36"]
[EventDate "2018.10.28"]
[EventType "team-tourn"]
[EventRounds "11"]
[EventCountry "GER"]
[SourceTitle "EXT 2022"]
[Source "ChessBase"]
[SourceDate "2021.10.06"]
[SourceVersion "1"]
[SourceVersionDate "2021.10.06"]
[SourceQuality "1"]
[WhiteTeam "Aachen SV II"]
[BlackTeam "Bonn Stadtverwaltung"]
[WhiteTeamCountry "GER"]
[BlackTeamCountry "GER"]

1. d4 Nf6 2. c4 e6 3. a3 b6 4. Nf3 Bb7 5. Nc3 Be7 6. Bg5 d6 7. Qc2 Nh5 8. Bd2 c5 9. dxc5 bxc5 10. e4 0-0 11. 0-0-0 Qb6 12. Be3 Nc6 13. g4 Nf6 14. Rg1 Rfd8 15. h4 Nd7 16. g5 Nde5 17. Ne1 Na5 18. Na4 Qb3 0-1